Countries Crowded House has Visited - Statistics

General Stats
  • This quiz has been taken 15 times
    14 since last reset
  • The average score is 19 of 23
Answer Stats
Continent Country % Correct
Oceania New Zealand
100%
Europe United Kingdom
100%
Oceania Australia
92%
Europe France
92%
Europe Germany
92%
Europe Ireland
92%
Europe Italy
92%
Europe Belgium
83%
North America Canada
83%
Europe Denmark
83%
Asia Japan
83%
Europe Portugal
83%
Asia/ Europe Russia
83%
Europe Spain
83%
Europe Sweden
83%
North America United States of America
83%
Europe Finland
75%
Europe Netherlands
75%
Europe Norway
75%
Africa South Africa
75%
Europe Poland
67%
Europe Switzerland
67%
Europe Austria
58%
No matching quizzes found
Score Distribution
Percent of People with Each Score
Percentile by Number Answered
Your Score History
You have not taken this quiz since the last reset